Research Methodology (Record no. 7)

MARC details
000 -LEADER
fixed length control field 00383nam a22001577a 4500
005 - DATE AND TIME OF LATEST TRANSACTION
control field 20180220144851.0
008 - FIXED-LENGTH DATA ELEMENTS--GENERAL INFORMATION
fixed length control field 160426b xxu||||| |||| 00| 0 eng d
020 ## - INTERNATIONAL STANDARD BOOK NUMBER
ISBN 978-81-2032452-7
041 ## - LANGUAGE CODE
Language code of text/sound track or separate title eng
082 ## - DEWEY DECIMAL CLASSIFICATION NUMBER
Item number 00038
Classification number 001.42
100 ## - MAIN ENTRY--AUTHOR NAME
Personal name Panneer selvem, R.
245 ## - TITLE STATEMENT
Title Research Methodology
260 ## - PUBLICATION, DISTRIBUTION, ETC. (IMPRINT)
Place of publication New Delhi
Name of publisher PHI Learning Put. Ltd.
Year of publication 2010
300 ## - PHYSICAL DESCRIPTION
Number of Pages 639
942 ## - ADDED ENTRY ELEMENTS (KOHA)
Koha item type Books
Holdings
Lost status Damaged status Collection code Home library Current library Shelving location Date acquired Cost, normal purchase price Full call number Accession Number Koha item type
    MANAGEMENT JRU Library JRU Library   26/04/2016 325.00 001.42 00038 Books
    MANAGEMENT JRU Library JRU Library   26/04/2016 325.00 001.42 00039 Books
    Reference JRU Library   SHELF -72 - J 26/04/2016 325.00 001.42 00040 Books
    MANAGEMENT JRU Library JRU Library   26/04/2016 325.00 001.42 00041 Books
    MANAGEMENT JRU Library JRU Library   26/04/2016 325.00 001.42 00042 Books
    MANAGEMENT JRU Library JRU Library   26/04/2016 325.00 001.42 00043 Books